| 000 | 00511nam a22001697a 4500 | ||
|---|---|---|---|
| 005 | 20240731104947.0 | ||
| 008 | 240731b |||||||| |||| 00| 0 eng d | ||
| 020 | _a9788131712917 | ||
| 082 |
_a005.133 _bSED-A |
||
| 100 | _aSedgewick, Robert | ||
| 245 |
_aAlgorithms in C, Parts 1-4: _bFundamentals, Data Structures, Sorting, Searching / _cRobert Sedgewick |
||
| 260 |
_ausa: _bPearson; _c1998. |
||
| 300 |
_axiv,701 p. : _bill; _c24 cm. |
||
| 500 | _ainclude index. | ||
| 650 | _aProgramming | ||
| 999 |
_c36245 _d36245 |
||